Biggest cities between each 10 degrees of longitude, with a map - Statistics

General Stats
  • This quiz has been taken 137 times
    63 since last reset
  • The average score is 32 of 36
Answers on the Map
Answers color-coded by a green-red scale on the quiz's map according to % correct below.
 
Answer Stats
Longitude Pop City % Correct
50°-60°W 16.8 M Buenos Aires
100%
70°-80°E 35.7 M Delhi
100%
40°-50°W 22.6 M São Paulo
100%
40°-50°E 7.80 M Baghdad
98%
30°-40°E 22.8 M Cairo
98%
20°-30°E 16.0 M Istanbul
98%
100°-110°E 29.5 M Jakarta
98%
0°-10°W 15.1 M London
98%
90°-100°W 25.4 M Mexico City
98%
70°-80°W 21.8 M New York
98%
120°-130°E 41.6 M Shanghai
98%
150°-160°E 5.15 M Sydney
98%
50°-60°E 16.8 M Tehran
98%
130°-140°E 41.2 M Tokyo
98%
80°-90°W 9.60 M Chicago
96%
0°-10°E 21.3 M Lagos
96%
20°-30°W 239 k Reykjavik
96%
170°-180°E 1.53 M Auckland
95%
90°-100°E 23.1 M Dhaka
95%
110°-120°E 72.7 M Guangzhou
95%
10°-20°E 16.3 M Kinshasa
95%
110°-120°W 17.1 M Los Angeles
95%
140°-150°E 5.20 M Melbourne
95%
120°-130°W 7.50 M San Francisco
95%
150°-160°W 853 k Honolulu
93%
60°-70°W 3.90 M Santo Domingo
93%
140°-150°W 249 k Anchorage
91%
10°-20°W 4.22 M Dakar
88%
60°-70°E 21.0 M Karachi
88%
80°-90°E 17.9 M Kolkata
86%
100°-110°W 6.15 M Monterrey
79%
30°-40°W 4.10 M Recife
74%
130°-140°W 24.7 k Juneau
70%
170°-180°W 35.9 k Apia
60%
160°-170°E 182 k Noumea
35%
160°-170°W 5.0 k Bethel
12%
No matching quizzes found
Score Distribution
Percent of People with Each Score
Percentile by Number Answered
Your Score History
You have not taken this quiz since the last reset